MARC

Tag First Indicator Second Indicator Subfields
LEADER 00000cjm a2200000Ia 4500
001 in00001684613
005 20151024135757.0
007 sd fsngnn---ee
008 920929s1991 nyucon hi d
024 1 |a 07464476632 
028 0 2 |a SBK 47663  |b Sony Classical 
035 |a (OCoLC)ocm26698412 
040 |a ILC  |c ILC  |d VFY  |d OCL  |d TXA  |d UtOrBLW 
049 |a TXAM 
090 |a M1030  |b .T78 1991 
092 |a 784.2892  |b T77 
245 0 0 |a Trumpet concertos. 
264 1 |a New York :  |b Sony Corp.,  |c [1991] 
264 4 |c ©1991 
300 |a 1 sound disc (71 min., 57 sec.) :  |b digital, stereo. ;  |c 4 3/4 in. 
306 |a 011157 
336 |a performed music  |b prm  |2 rdacontent 
337 |a audio  |b s  |2 rdamedia 
338 |a audio disc  |b sd  |2 rdacarrier 
500 |a Compact disc. 
511 0 |a Helmut Hunger, trumpets 1 & 2 (synchronization) in works 1 & 2, trumpet in works 3 & 4 ; André Bernard, trumpet in works 5-7 ; Heinz Holliger, oboe in work 6 ; I Solisti Veneti ; Claudio Scimone, conductor (works 1-4) ; George Malcolm, conductor (works 5-7). 
500 |a "Consists of previously released material."--Container. 
518 |a Recorded in the Kirchgemeindehaus, Winterthur, Switzerland, July 5-6, 1966 (tracks 1-16) ; in All Hallows Church, Gospel Oaks, London, March 10-16, 1979 (tracks 17-25). 
505 0 |a Concerto for 2 trumpets in D major / Francesco Manfredini -- Concerto for 2 trumpets, string orchestra & continuo in C major, RV 537 / Antonio Vivaldi -- Concerto for trumpet & string orchestra in D major / Giuseppe Torelli -- Sonata for trumpet, 2 violins & continuo in D major / Arcangelo Corelli -- Concerto for trumpet, string orchestra & continuo in B-flat major, op. 7, no. 3 / Tomaso Albinoni -- Concerto for trumpet, oboe, string orchestra & continuo in E-flat major / Johann Wilhelm Hertel -- Concerto for trumpet & orchestra in E-flat major / Johann Nepomuk Hummel. 
500 |a Program notes by Uwe Kraemer translated into English inserted in container. 
500 |a Sound recording. 
700 1 2 |a Manfredini, Francesco,  |d 1684-1762.  |t Concertos,  |m trumpets (2), orchestra,  |r D major. 
700 1 2 |a Vivaldi, Antonio,  |d 1678-1741.  |t Concertos,  |m trumpets (2), string orchestra,  |n RV 537,  |r C major. 
700 1 2 |a Torelli, Giuseppe,  |d 1658-1709.  |t Sinfonie,  |m trumpet, string orchestra,  |n P. A.2.2.2,  |r D major.  |p Allegro (1st movement) 
700 1 2 |a Corelli, Arcangelo,  |d 1653-1713.  |t Sonatas,  |m trumpet, violins (2), continuo,  |r D major. 
700 1 2 |a Albinoni, Tomaso,  |d 1671-1750.  |t Concertos,  |n op. 7.  |n No. 3;  |o arranged. 
700 1 2 |a Hertel, Johann Wilhelm,  |d 1727-1789.  |t Concertos.  |k Selections,  |m oboe, trumpet, continuo, string orchestra,  |r E♭ major. 
700 1 2 |a Hummel, Johann Nepomuk,  |d 1778-1837.  |t Concertos,  |m trumpet, orchestra,  |r E major. 
700 1 |a Hunger, Helmut,  |e instrumentalist. 
700 1 |a Bernard, André,  |d 1946-  |e instrumentalist. 
700 1 |a Holliger, Heinz,  |e instrumentalist. 
700 1 |a Scimone, Claudio,  |e conductor. 
700 1 |a Malcolm, George,  |d 1917-1997,  |e conductor. 
710 2 |a Solisti veneti,  |e performer. 
994 |a E0  |b TXA 
948 |a cataloged  |b h  |c 2002/7/2  |d c  |e fpiscitelli  |f 6:59:29 pm 
999 |a MARS 
999 f f |s 4e0981dc-081c-30d9-a3d8-18ce243b733d  |i b38bc645-27d8-31c3-b4a3-648000220fee  |t 0 
952 f f |p ric  |a Texas A&M University  |b Rellis Campus  |c Joint Library Facility  |d Remote Storage  |t 0  |e M1030 .T78 1991  |h Library of Congress classification  |i audio -- audio disc  |m A14829195201 
998 f f |a M1030 .T78 1991  |t 0  |l Remote Storage